01101nam a2200229 a 450000100100000000500170001000800410002702000180006804000250008608200150011110000310012624501250015726000430028230000210032550000700034650400320041659000640044895201140051295201140062695201140074099900170085400004648620210324134616.0150819s2013 dr 000 0 spa d a9789945008746 aDO-SdBNPbspacBNPHU azzzbR628l1 aRoa Ogando, Gerardo97448710aLingüística cosmológica :buna introducción a los estudios complejos del lenguaje /cGerardo Augusto Roa Ogando. aSanto Domingo :bSoto Castillo,c2013. a324 p. ;c24 cm. aIncluye datos biográficos del autor en la solapa de la cubierta aBibliografía : p. 313-324 aLos tres ejemplares estan dedicado a la Biblioteca Nacional 00107-18PDaGRbGRcOId2015-08-19iLF1l0ozzz R628lp46486-30r2020-06-25w2020-06-25yLFPDZNo se presta 00107-18PDaPDbPDcOId2015-08-19iLF1l0ozzz R628lp46486-10r2020-06-25w2020-06-25yLFPDZNo se presta 00107-18PDaPDbPDcOId2015-08-19iLF1l0ozzz R628lp46486-20r2020-06-25w2020-06-25yLFPDZNo se presta c45975d45975